000 00618nam a22002177a 4500
003 OSt
005 20150703142733.0
008 150703b xxu||||| |||| 00| 0 eng d
020 _a9781844807284
040 _cDDC
082 _222nd ed.
_a150 NOL 2009
100 _aNolen-Hoeksema, Fredrickson
_95470
245 _aAtkins & Hilgard introduction to psychology
250 _a15th ed.
260 _aAustralia;
_bWadsworth,
_c2009
300 _axxiii,787p;
_bcol.ill:
_c28cm
504 _aGlossary, References, & index included
650 _aPsychology
_931
700 _aWagenaar, Loftus
_95471
942 _2ddc
_cO_SHELF
999 _c2121
_d2121